Gimnasia, juego y deporte para mayores

Shranjeno v:
Bibliografske podrobnosti
Main Authors: Baur, Robert (Author), Egeler, Robert (Author)
Format: Knjiga
Jezik:španščina
Izdano: Barcelona Paidotribo 2001
Teme:
Oznake: Označite
Brez oznak, prvi označite!

MARC

LEADER 00000nam a2200000 a 4500
001 UCN6649
003 CL-VaPUC
008 011005e20010000SP |||||||||||||||||spa|d
020 |a 8480195320 
082 0 4 |a 790.1926  |b BAU  |2 21 
100 0 |a Baur, Robert  |e author  |9 462366 
700 0 |a Egeler, Robert  |e author  |9 462367 
245 1 0 |a Gimnasia, juego y deporte para mayores 
300 |a 311 p 
942 |c BK 
945 |d 20011005 00:00:00  |a rbrito 
260 |a Barcelona  |b Paidotribo  |c 2001 
650 0 |a Educación física  |9 240893 
650 0 |a Ancianos   |9 307293 
650 0 |a Tercera edad   |9 307285 
650 0 |a Adulto mayor  |9 311317 
650 0 |a Deportes  |9 224367 
650 0 |a Ejercicios físicos  |9 307296 
650 0 |a Medicina deportiva  |9 307562 
583 |a last modification  |c 20170913 12:19:39  |k Rodrigo Vera 
999 |c 297346  |d 297344 
952 |0 0  |1 0  |4 0  |6 790_192600000000000_BAU_2001  |7 0  |8 A  |9 352001  |a BIBEDU  |b BIBEDU  |d 2019-11-21  |i 3738426  |o 790.1926 BAU 2001  |p 3738426  |r 2019-11-21  |w 2019-11-21  |y BK  |k EFI 
952 |0 0  |1 0  |4 0  |6 790_192600000000000_BAU_2001  |7 0  |8 A  |9 352002  |a BIBEDU  |b BIBEDU  |d 2019-11-21  |i 4095782  |o 790.1926 BAU 2001  |p 4095782  |r 2019-11-21  |w 2019-11-21  |y BK  |k EFI 
952 |0 0  |1 0  |4 0  |6 790_192600000000000_BAU_2001  |7 0  |8 A  |9 352003  |a BIBEDU  |b BIBEDU  |d 2019-11-21  |i 4095790  |o 790.1926 BAU 2001  |p 4095790  |r 2019-11-21  |w 2019-11-21  |y BK  |k EFI 
952 |0 0  |1 0  |4 0  |6 790_192600000000000_BAU_2001  |7 0  |8 A  |9 352004  |a BIBCUR  |b BIBCUR  |d 2019-11-21  |i 108853K  |l 1  |o 790.1926 BAU 2001  |p 108853K  |r 2025-04-22  |s 2024-06-25  |w 2019-11-21  |y BK  |k KIN